Pays ne comprenant pas les lettres A et E - Statistiques

Statistiques générales
  • Ce quiz a été pris 144 fois
  • Le résultat moyen est 4 sur 6
Statistiques - réponses
Réponse % Correct
Togo
77%
Chili
72%
Fidji
70%
Kosovo
63%
Djibouti
45%
Burundi
34%
Aucun quiz correspondant
Distribution des résultats
% des personnes avec chaque résultat
Percentile par nombre de réponses
Votre historique - résultats
Vous n’avez pas pris ce quiz